00939 2200349 4500001002100000005001700021008004100038020002200079035002400101040001200125082001600137084001800153100001700171245006000188250001000248260004000258300003100298504002700329650003500356700001600391850001200407990001700419990001700436990001700453990001700470990001700487990001700504990001700521990001700538990001700555990001700572INLIS00000000002166120160809112605.0  a978-602-1129-72-7 0010-081600000000018 aYOPDYOG 223a338.371 a338.371 Alz B aALZENA RESTI aBudidaya Bebekc/Alzena Resti ; penyunting Nur Iswarso. aCet.1 aYogyakartabPustaka Berdikaric2014 a82 hlm.b: ilus.c; 21 cm. aBibliografi: hlm 82-83 aPeternakan-aspek ekonomi (koi) aNur Iswarso aYOPDYOG a7749-KS/B.16 a7750-KS/B.16 a7751-KS/B.16 a7752-KS/B.16 a7753-KS/B.16 a7754-KS/B.16 a7755-KS/B.16 a7756-KS/B.16 a7757-KS/B.16 a7758-KS/B.16